現職の参議院議員(2024.11.28現在) - Statistics

General Stats
  • This quiz has been taken 24 times
  • The average score is 74 of 240
Answer Stats
選出 改選 政党 議員名 備考 % Correct
東京 2028 れ新 山本太郎
76%
静岡 2025 国民 榛葉賀津也
76%
東京 2025 自民 武見敬三
71%
東京 2028 共産 山添拓
71%
比例 2028 自民 青山繁晴
67%
比例 2028 社民 福島瑞穂
67%
北海道 2025 自民 高橋はるみ
62%
比例 2025 N党 浜田聡 2019繰
62%
宮城 2025 立憲 石垣のりこ
57%
東京 2025 公明 山口那津男
57%
東京 2025 共産 吉良佳子
57%
神奈川 2028 維新 松沢成文
57%
長野 2025 立憲 羽田次郎 2021補
57%
京都 2025 自民 西田昌司
57%
比例 2025 大地 鈴木宗男 元維新
57%
比例 2028 参政 神谷宗幣
57%
秋田 2025 寺田静
52%
群馬 2028 自民 中曽根弘文
52%
埼玉 2028 (無) 上田清司
52%
千葉 2028 立憲 小西洋之
52%
東京 2028 自民 朝日健太郎
52%
神奈川 2025 立憲 水野素子 2022合
52%
神奈川 2028 自民 三原じゅん子
52%
京都 2028 立憲 福山哲郎
52%
広島 2028 自民 宮沢洋一
52%
比例 2028 N党 齊藤健一郎 2023繰
52%
青森 2028 立憲 田名部匡代
48%
岩手 2028 立憲 木戸口英司 2024補
48%
宮城 2028 自民 櫻井充
48%
福島 2025 自民 森まさこ
48%
千葉 2025 自民 石井準一
48%
千葉 2025 立憲 長浜博行
48%
東京 2025 立憲 塩村文夏
48%
東京 2028 公明 竹谷とし子
48%
東京 2028 自民 生稲晃子
48%
神奈川 2028 自民 浅尾慶一郎
48%
岐阜 2025 大野泰正 元自民
48%
大阪 2028 自民 松川るい
48%
岡山 2028 自民 小野田紀美
48%
比例 2025 自民 山東昭子
48%
比例 2028 立憲 辻元清美
48%
比例 2025 れ新 木村英子
48%
比例 2028 れ新 大島九州男 2023繰
48%
比例 2025 社民 大椿裕子 2023繰
48%
北海道 2025 立憲 勝部賢志
43%
北海道 2028 自民 船橋利実
43%
茨城 2028 (無) 堂込麻紀子
43%
埼玉 2028 立憲 高木真理
43%
神奈川 2025 立憲 牧山弘惠
43%
新潟 2025 立憲 打越さく良
43%
長野 2028 立憲 杉尾秀哉
43%
愛知 2028 国民 伊藤孝恵
43%
滋賀 2025 維新 嘉田由紀子
43%
京都 2025 共産 倉林明子
43%
大阪 2025 維新 梅村みずほ
43%
兵庫 2028 公明 伊藤孝江
43%
大分 2025 自民 白坂亜紀 2024補
43%
比例 2025 自民 山田太郎
43%
比例 2028 維新 猪瀬直樹
43%
比例 2025 国民 田村麻美
43%
北海道 2028 自民 長谷川岳
38%
北海道 2028 立憲 徳永エリ
38%
山形 2025 (無) 芳賀道也
38%
山形 2028 国民 舟山康江
38%
福島 2028 自民 星北斗
38%
群馬 2025 自民 清水真人
38%
千葉 2025 自民 豊田俊郎
38%
千葉 2028 自民 臼井正一
38%
千葉 2028 自民 猪口邦子
38%
富山 2025 自民 堂故茂
38%
福井 2028 自民 山崎正昭
38%
静岡 2025 自民 牧野京夫
38%
静岡 2028 平山佐知子
38%
大阪 2025 自民 太田房江
38%
広島 2025 立憲 宮口治子 2021再
38%
山口 2025 自民 北村経夫 2021補
38%
徳島高知 2025 [無] 広田一 2023補
38%
福岡 2025 自民 松山政司
38%
鹿児島 2025 自民 尾辻秀久
38%
沖縄 2025 沖縄 高良鉄美
38%
沖縄 2028 沖縄 伊波洋一
38%
比例 2028 自民 今井絵理子
38%
比例 2028 立憲 鬼木誠
38%
比例 2025 維新 柳ヶ瀬裕文
38%
比例 2028 維新 松野明美
38%
比例 2025 共産 小池晃
38%
比例 2025 れ新 舩後靖彦
38%
比例 2028 れ新 天畠大輔
38%
北海道 2025 自民 岩本剛人
33%
青森 2025 自民 滝沢求
33%
岩手 2025 立憲 横沢高徳
33%
秋田 2028 自民 石井浩郎
33%
栃木 2025 自民 高橋克法
33%
栃木 2028 自民 上野通子
33%
埼玉 2025 自民 古川俊治
33%
埼玉 2028 自民 関口昌一
33%
神奈川 2025 公明 佐々木さやか
33%
新潟 2028 自民 小林一大
33%
富山 2028 自民 野上浩太郎
33%
福井 2025 自民 滝波宏文
33%
静岡 2028 自民 若林洋平
33%
愛知 2025 自民 酒井庸行
33%
京都 2028 自民 吉井章
33%
大阪 2025 公明 杉久武
33%
大阪 2028 維新 高木かおり
33%
奈良 2028 自民 佐藤啓
33%
鳥取島根 2025 自民 舞立昇治
33%
岡山 2025 自民 石井正弘
33%
福岡 2025 立憲 野田国義
33%
佐賀 2028 自民 福岡資麿
33%
熊本 2025 自民 馬場成志
33%
比例 2025 自民 有村治子
33%
比例 2028 自民 赤松健
33%
比例 2028 自民 片山さつき
33%
比例 2028 自民 自見英子
33%
比例 2028 国民 浜口誠
33%
比例 2025 共産 紙智子
33%
茨城 2025 自民 上月良祐
29%
神奈川 2028 公明 三浦信祐
29%
石川 2025 自民 宮本周司 2022補
29%
山梨 2028 自民 永井学
29%
岐阜 2028 自民 渡辺猛之
29%
愛知 2028 公明 里見隆治
29%
三重 2025 自民 吉川有美
29%
大阪 2028 維新 浅田均
29%
兵庫 2028 自民 末松信介
29%
和歌山 2028 自民 鶴保庸介
29%
鳥取島根 2028 自民 青木一彦
29%
広島 2025 立憲 森本真治
29%
広島 2028 [無] 三上絵里
29%
山口 2028 自民 江島潔
29%
香川 2028 自民 磯崎仁彦
29%
愛媛 2025 永江孝子
29%
鹿児島 2028 自民 野村哲郎
29%
比例 2025 自民 和田政宗
29%
比例 2025 自民 佐藤正久
29%
比例 2025 自民 橋本聖子
29%
比例 2025 自民 羽生田俊
29%
比例 2025 立憲 奥村政佳 2024繰
29%
比例 2028 立憲 青木愛
29%
比例 2028 維新 石井章
29%
比例 2028 維新 中条きよし
29%
比例 2028 維新 青島健太
29%
比例 2025 国民 磯崎哲史
29%
比例 2025 国民 浜野喜史
29%
比例 2028 国民 川合孝典
29%
比例 2028 共産 大門実紀史 2024繰
29%
茨城 2025 立憲 小沼巧
24%
埼玉 2025 共産 伊藤岳
24%
埼玉 2028 公明 西田実仁
24%
石川 2028 自民 岡田直樹
24%
山梨 2025 自民 森屋宏
24%
愛知 2025 立憲 田島麻衣子
24%
愛知 2028 自民 藤川政人
24%
三重 2028 自民 山本佐知子
24%
滋賀 2028 自民 小鑓隆史
24%
大阪 2028 公明 石川博崇
24%
兵庫 2025 自民 加田裕之
24%
兵庫 2028 維新 片山大介
24%
奈良 2025 自民 堀井巌
24%
愛媛 2028 自民 山本順三
24%
福岡 2025 公明 下野六太
24%
福岡 2028 自民 大家敏志
24%
佐賀 2025 自民 山下雄平
24%
長崎 2025 自民 古賀友一郎
24%
大分 2028 自民 古庄玄知
24%
宮崎 2028 自民 松下新平
24%
比例 2025 自民 三浦靖
24%
比例 2025 自民 柘植芳文
24%
比例 2025 自民 赤池誠章
24%
比例 2025 自民 比嘉奈津美 2021繰
24%
比例 2025 自民 中田宏 2022繰
24%
比例 2025 自民 田中昌史 2023繰
24%
比例 2028 自民 長谷川英晴
24%
比例 2028 自民 山谷えり子
24%
比例 2025 立憲 吉川沙織
24%
比例 2028 立憲 古賀千景
24%
比例 2028 維新 石井苗子
24%
比例 2028 国民 竹詰仁
24%
比例 2028 共産 岩渕友
24%
茨城 2028 自民 加藤明良
19%
埼玉 2025 立憲 熊谷裕人
19%
愛知 2028 立憲 斎藤嘉隆
19%
福岡 2028 立憲 古賀之士
19%
熊本 2028 自民 松村祥史
19%
宮崎 2025 自民 長峯誠
19%
比例 2025 自民 山田俊男
19%
比例 2025 自民 衛藤晟一
19%
比例 2028 自民 足立敏之
19%
比例 2028 自民 藤木眞也
19%
比例 2028 自民 山田宏
19%
比例 2028 自民 進藤金日子
19%
比例 2028 自民 阿達雅志
19%
比例 2028 公明 上田勇
19%
比例 2025 維新 藤巻健史 2024繰
19%
比例 2025 共産 山下芳生
19%
埼玉 2025 公明 矢倉克夫
14%
香川 2025 自民 三宅伸吾
14%
福岡 2028 公明 秋野公造
14%
長崎 2028 自民 山本啓介
14%
比例 2025 自民 本田顕子
14%
比例 2025 自民 宮崎雅夫
14%
比例 2028 自民 梶原大介
14%
比例 2028 自民 神谷政幸
14%
比例 2025 立憲 森屋隆
14%
比例 2028 維新 金子道仁
14%
比例 2025 共産 井上哲士
14%
比例 2028 共産 仁比聡平
14%
愛知 2025 公明 安江伸夫
10%
兵庫 2025 公明 高橋光男
10%
比例 2025 自民 石田昌宏
10%
比例 2028 自民 藤井一博
10%
比例 2028 自民 井上義行
10%
比例 2028 自民 越智俊之
10%
比例 2025 立憲 岸真紀子
10%
比例 2025 立憲 水岡俊一
10%
比例 2025 立憲 川田龍平
10%
比例 2025 立憲 石川大我
10%
比例 2028 立憲 石橋通宏
10%
比例 2025 公明 若松謙維
10%
比例 2028 公明 谷合正明
10%
比例 2028 維新 串田誠一
10%
徳島高知 2028 自民 中西祐介
5%
比例 2025 自民 佐藤信秋
5%
比例 2028 自民 友納理緒
5%
比例 2025 立憲 小澤雅仁
5%
比例 2028 立憲 柴慎一
5%
比例 2025 公明 山本博司
5%
比例 2025 公明 河野義博
5%
比例 2025 公明 新妻秀規
5%
比例 2025 公明 平木大作
5%
比例 2025 公明 塩田博昭
5%
比例 2025 公明 高橋次郎 2024繰
5%
比例 2028 公明 竹内真二
5%
比例 2028 公明 横山信一
5%
比例 2028 公明 宮崎勝 2022繰
5%
比例 2025 維新 柴田巧
5%
比例 2025 維新 山口和之 2024繰
5%
比例 2028 立憲 村田享子
0%
比例 2028 公明 窪田哲也
0%
No matching quizzes found
Score Distribution
Percent of People with Each Score
Percentile by Number Answered
Your Score History
You have not taken this quiz